Statistiques concernant Intercommunalités de Corrèze

Cliquez ici pour prendre le quiz!

Statistiques générales

  • Ce quiz a été pris 24 fois
  • Le résultat moyen est 5 sur 9

Statistiques - réponses

Nombres de communesIntercommunalités% Correct
48Communauté d'Agglomération du Bassin de Brive
100%
43Communauté d'Agglomération Tulle Agglo
92%
71 (dont 11 dans le Creuse)Communauté de Communes Haute-corrèze Communauté
92%
12Communauté de Communes du Pays d'Uzerche
69%
30Communauté de Communes Xaintrie Val'Dordogne
46%
19Communauté de Communes de Ventadour-Égletons-Monédières
38%
20Communauté de Communes Vézère-Monédières-Millesources
23%
12Communauté de Communes du Pays de Lubersac-Pompadour
15%
34Communauté de Communes Midi Corrézien
8%

Distribution des résultats

Percentile par nombre de réponses

% des personnes avec chaque résultat

Votre développement - résultats

Vous n’avez pas pris ce quiz